<?xml version="1.0" encoding="UTF-8"?>
<record
    xmlns:xsi="http://www.w3.org/2001/XMLSchema-instance"
    xsi:schemaLocation="http://www.loc.gov/MARC21/slim http://www.loc.gov/standards/marcxml/schema/MARC21slim.xsd"
    xmlns="http://www.loc.gov/MARC21/slim">

  <leader>00507nam a22001817a 4500</leader>
  <controlfield tag="005">20230821110908.0</controlfield>
  <controlfield tag="008">230818b        |||||||| |||| 00| 0 eng d</controlfield>
  <datafield tag="020" ind1=" " ind2=" ">
    <subfield code="a">978-98-5465-894-5</subfield>
  </datafield>
  <datafield tag="041" ind1=" " ind2=" ">
    <subfield code="a">eng</subfield>
  </datafield>
  <datafield tag="082" ind1=" " ind2=" ">
    <subfield code="a">612</subfield>
  </datafield>
  <datafield tag="100" ind1=" " ind2=" ">
    <subfield code="a">MOHAN, HARSH </subfield>
    <subfield code="9">8110</subfield>
  </datafield>
  <datafield tag="245" ind1=" " ind2=" ">
    <subfield code="a">PATHOLOGY QUICK REVIEW: Includes exclusive description of all the competencies as per curriculum NMC</subfield>
  </datafield>
  <datafield tag="250" ind1=" " ind2=" ">
    <subfield code="a">6TH ED.2023</subfield>
  </datafield>
  <datafield tag="260" ind1=" " ind2=" ">
    <subfield code="a">NEW DELHI</subfield>
    <subfield code="b">JAYPEE BROTHERS </subfield>
    <subfield code="c">2023</subfield>
  </datafield>
  <datafield tag="300" ind1=" " ind2=" ">
    <subfield code="a">268;p</subfield>
  </datafield>
  <datafield tag="650" ind1=" " ind2=" ">
    <subfield code="a">BPT</subfield>
    <subfield code="9">8111</subfield>
  </datafield>
  <datafield tag="942" ind1=" " ind2=" ">
    <subfield code="c">BK</subfield>
  </datafield>
  <datafield tag="999" ind1=" " ind2=" ">
    <subfield code="c">8387</subfield>
    <subfield code="d">8385</subfield>
  </datafield>
  <datafield tag="952" ind1=" " ind2=" ">
    <subfield code="0">0</subfield>
    <subfield code="1">0</subfield>
    <subfield code="4">0</subfield>
    <subfield code="7">0</subfield>
    <subfield code="8">PHYSIOTHERAPY</subfield>
    <subfield code="a">JRU</subfield>
    <subfield code="b">JRU</subfield>
    <subfield code="c">SHELF-104-E</subfield>
    <subfield code="d">2023-08-05</subfield>
    <subfield code="e">PURCHASE</subfield>
    <subfield code="g">2795.00</subfield>
    <subfield code="l">2</subfield>
    <subfield code="m">1</subfield>
    <subfield code="o">612</subfield>
    <subfield code="p">27891</subfield>
    <subfield code="r">2025-09-25 17:03:21</subfield>
    <subfield code="s">2025-09-04</subfield>
    <subfield code="w">2023-08-05</subfield>
    <subfield code="y">BK</subfield>
  </datafield>
  <datafield tag="952" ind1=" " ind2=" ">
    <subfield code="0">0</subfield>
    <subfield code="1">0</subfield>
    <subfield code="4">0</subfield>
    <subfield code="7">0</subfield>
    <subfield code="8">PHYSIOTHERAPY</subfield>
    <subfield code="a">JRU</subfield>
    <subfield code="b">JRU</subfield>
    <subfield code="c">SHELF-104-E</subfield>
    <subfield code="d">2023-08-05</subfield>
    <subfield code="e">PURCHASE</subfield>
    <subfield code="g">2795.00</subfield>
    <subfield code="l">2</subfield>
    <subfield code="m">1</subfield>
    <subfield code="o">612</subfield>
    <subfield code="p">27892</subfield>
    <subfield code="r">2025-09-24 17:01:02</subfield>
    <subfield code="s">2025-09-04</subfield>
    <subfield code="w">2023-08-05</subfield>
    <subfield code="y">BK</subfield>
  </datafield>
  <datafield tag="952" ind1=" " ind2=" ">
    <subfield code="0">0</subfield>
    <subfield code="1">0</subfield>
    <subfield code="4">0</subfield>
    <subfield code="7">0</subfield>
    <subfield code="8">PHYSIOTHERAPY</subfield>
    <subfield code="a">JRU</subfield>
    <subfield code="b">JRU</subfield>
    <subfield code="c">SHELF-104-E</subfield>
    <subfield code="d">2023-08-05</subfield>
    <subfield code="e">PURCHASE</subfield>
    <subfield code="g">2795.00</subfield>
    <subfield code="l">2</subfield>
    <subfield code="o">612</subfield>
    <subfield code="p">27893</subfield>
    <subfield code="r">2024-11-18 09:25:43</subfield>
    <subfield code="s">2024-10-29</subfield>
    <subfield code="w">2023-08-05</subfield>
    <subfield code="y">BK</subfield>
  </datafield>
</record>
